| 000 | 02061cam a22003133a 4500 | ||
|---|---|---|---|
| 001 | 128 | ||
| 003 | PGUSA | ||
| 005 | 20140828082944.0 | ||
| 008 | 940501s1994||||xxu|||||s|||||000 | eng d | ||
| 040 |
_aPGUSA _beng |
||
| 042 | _adc | ||
| 050 | 4 | _aPJ | |
| 050 | 4 | _aPZ | |
| 100 | 1 |
_aLang, Andrew, _d1844-1912 |
|
| 245 | 1 | 4 |
_aThe Arabian Nights Entertainments _h[electronic resource] / _cAndrew Lang |
| 260 |
_bProject Gutenberg, _c1994 |
||
| 505 | 0 | _aThe story of the merchant and the genius -- The story of the first old man and of the hind -- The story of the second old man and of the two black dogs -- The story of the fisherman -- The story of the Greek king and the physician Douban -- The story of the husband and the parrot -- The story of the vizir who was punished -- The story of the young king of the black isles -- The story of the three Calenders, sons of kings, and of five ladies of Bagdad -- The story of the first Calender, son of a king -- The story of the second Calender, son of a king -- The story of the envious man, and of him who was envied -- The story of the third Calendar, son of a king -- The seven voyages of Sindbad the sailor -- The little hunchback -- The story of the barber's fifth brother -- The story of the barber's sixth brother -- The adventures of Prince Camaralzaman and the Princess Badoura -- Noureddin and the fair Persian -- Aladdin and the wonderful lamp -- The adventures of Haroun-al-Raschid, caliph of Bagdad -- Story of the blind Baba-Abdalla -- The story of Sidi-Noumann -- Story of Ali Cogia, merchant of Bagdad -- The enchanted horse -- The story of two sisters who were jealous of their younger sister. | |
| 506 | _aPublic domain in the USA. | ||
| 516 | _aElectronic text | ||
| 653 | _aChildren's stories | ||
| 653 | _aFairy tales -- Arab countries | ||
| 653 | _aFolklore -- Arab countries | ||
| 653 | _aTales -- Arab countries | ||
| 653 | _aFairy tales | ||
| 653 | _aArabs -- Folklore | ||
| 830 | 0 |
_aProject Gutenberg _v128 |
|
| 856 | 4 | 0 | _uhttp://www.gutenberg.org/ebooks/128 |
| 942 | _cEB | ||
| 999 |
_c229499 _d229499 |
||